00638nam a2200217 a 450000100060000000300080000600500170001400800410003103500190007203500200009103500170011104000370012804100080016508200250017310000310019824500460022926000650027530000260034050400360036665000180040265247BD-RjUL20211209081412.0170302r19531964nyu b 001 0 eng d a(BD-RjUL)65377 a(OCoLC)00490348 aGLIS00469648 aDLCcWSUbengdSERdRCDdBD-RjUL aeng 223a301.01bBIT 1964 aBidney, David,d1908-1987.10aTheoretical anthropology /c David Bidney aNew York:bColumbia University Press,cc1953 [Printing 1964] axii, 506 p. ;c24 cm. aIncludes Bibliography and index 0aAnthropology.